| 000 | 00844nam a2200241Ia 4500 | ||
|---|---|---|---|
| 003 | OSt | ||
| 005 | 20250225101007.0 | ||
| 008 | 210716s1995 xx 000 0 und d | ||
| 020 | _a0582876516 | ||
| 040 | _cAIMIT LIBRARY | ||
| 041 | _aeng | ||
| 082 |
_a658.406 _21 _bPATM |
||
| 245 |
_aOrganisational change strategies: _bcase studies of human resource and industrial relations issues / _cEdited by Margaret Patrickson; Val Bamber and Greg J Bamber. |
||
| 250 | _a1st ed. | ||
| 260 |
_aAustralia : _bLongman ; _c1995. |
||
| 300 |
_axi,322p. ; _bPB _c24 cm. |
||
| 650 |
_aEnvironmental scanning and strategic bamber _9202449 |
||
| 650 |
_aInvolving senior management _9202450 |
||
| 700 |
_aPatrickson, Margaret. _9202451 |
||
| 700 |
_aBamber, Val. _9202452 |
||
| 700 |
_aBamber, Greg J. _9202453 |
||
| 942 |
_2ddc _cBK _e1st ed. _k658.406 PATM |
||
| 999 |
_c200989 _d200989 |
||